00410nam a2200145Ia 4500003000500000008004100005020001800046040001900064082000700083100002200090245002700112260010600139300000700245546001200252STCL181203s9999 xx 000 0 und d a9788123020051 aSTCLbENcSTCL 222 aVatsyayan, Kapila 0aIndian Classical Dance bPublications Division, Ministry of Information and Broadcasting, Government of IndiaaNew Delhic2015 a95 aEnglish